000 00694cab a2200217 4500
001 WB3014-54
008 090401t1994 xxu||||| |||| 00| 0 eng d
035 _a(Sirsi) u24243
041 _aeng
245 _aMinerals dredging licensing arrangements
260 _c1994
350 _a0
490 _aDoE News Release
_v(255) 13 April 1994 (4)
520 _aA public consultation paper on the review of licensing arrangements for minerals dredging in England and Wales has been issued by the Environment Minister.
650 _aCONSULATION PAPER
650 _aLICENSING ARRANGEMENTS
650 _aMINERAL DREDGING
690 _aMINING AND MINERALS
942 _n0
948 _c04/03/1997
999 _c16245
_d16245